Manual de transparencia fiscal (Registro nro. 542)

Detalles MARC
000 -LEADER
fixed length control field 00998 a2200217 4500
001 - CONTROL NUMBER
control field 13663
005 - DATE AND TIME OF LATEST TRANSACTION
control field 20260407155444.0
008 - FIXED-LENGTH DATA ELEMENTS--GENERAL INFORMATION
fixed length control field 260407a2001 arg spa d
003 - CONTROL NUMBER IDENTIFIER
control field AR-UNSa-BCEJYS
040 ## - CATALOGING SOURCE
Original cataloging agency AR-UNSa-BCEJYS
Language of cataloging spa
Transcribing agency AR-UNSa-BCEJYS
080 ## - UNIVERSAL DECIMAL CLASSIFICATION NUMBER
Universal Decimal Classification number 336.1
Common auxiliary subdivision Finanzas Públicas. Finanzas del gobierno en general<br/> <br/>
020 ## - INTERNATIONAL STANDARD BOOK NUMBER
International Standard Book Number 1-58906-140-3
100 1# - MAIN ENTRY--PERSONAL NAME
Personal name Fondo Monetario Internacional. Departamento de Finanzas Públicas
245 10 - TITLE STATEMENT
Title Manual de transparencia fiscal
264 #1 - PRODUCTION, PUBLICATION, DISTRIBUTION, MANUFACTURE, AND COPYRIGHT NOTICE
Place of production, publication, distribution, manufacture Washington :
Name of producer, publisher, distributor, manufacturer Fondo Monetario Internacional
Date of production, publication, distribution, manufacture, or copyright notice 2001
300 ## - PHYSICAL DESCRIPTION
Extent x, 88 p.
Dimensions 28 cm.
505 ## - FORMATTED CONTENTS NOTE
Formatted contents note 1. Clara definición de funciones y responsabilidades - 2. Acceso del público a la información - 3. Transparencia en la preparación, ejecución y publicación del presupuesto - 4. Garantías de integridad
590 ## - LOCAL NOTE (RLIN)
Local note niveau_biblio:m niveau_hierar:0
856 41 - ELECTRONIC LOCATION AND ACCESS
Uniform Resource Identifier <a href="https://biblioeco.unsa.edu.ar/pmb/images/libros/Manual de transparencia fiscal-l116191.jpg">https://biblioeco.unsa.edu.ar/pmb/images/libros/Manual de transparencia fiscal-l116191.jpg</a>
Link text Imagen de portada
Electronic format type image/jpeg
942 ## - ADDED ENTRY ELEMENTS (KOHA)
Koha item type
Existencias
Withdrawn status Lost status Damaged status Not for loan Home library Current library Shelving location Date acquired Total checkouts Full call number Barcode Date last seen Price effective from Koha item type
        Biblioteca Prof. Eusebio Cleto del Rey Biblioteca Prof. Eusebio Cleto del Rey   07/04/2026   336.1 F673 L116189 07/04/2026 07/04/2026 Libro
        Biblioteca Prof. Eusebio Cleto del Rey Biblioteca Prof. Eusebio Cleto del Rey   07/04/2026   336.1 F673 L116190 07/04/2026 07/04/2026 Libro
        Biblioteca Prof. Eusebio Cleto del Rey Biblioteca Prof. Eusebio Cleto del Rey   07/04/2026   336.1 F673 L116191 07/04/2026 07/04/2026 Libro